00909 a2200217 450000100060000002000150000604000370002110000200005824000490007824500440012730000070017136200090017844000080018765000230019594200070021895201040022595201150032995201150044495201150055999900170067473335 a8532245846 cAnchieta - Colégio São Paulo aKupstas, Marcia10a9 cois@as e-mail que eu odeio em vocêlpor10a9 cois@as e-mail que eu odeio em você a480 a2001 1aFTD 4aLiteratura juvenil cBK 00104070a88.1b88.1d2023-11-22l0oLJ 028.5 K968p3491/CSPr2023-11-22 14:30:02w2023-11-22yBK 00102udc4070a39.1b39.1d2024-08-14l0o028.5 K96cp7376/CCPr2024-08-14 17:22:56tEx. 1w2024-08-14yBKu 00102udc4070a39.1b39.1d2024-08-14l0o028.5 K96cp7819/CCPr2024-08-14 17:22:56tEx. 2w2024-08-14yBKu 00102udc4070a39.1b39.1d2024-08-14l0o028.5 K96cp7989/CCPr2024-08-14 17:22:56tEx. 3w2024-08-14yBKu c73335d73335